Production of heavy water / (Record no. 10243)
[ view plain ]
| 000 -LEADER | |
|---|---|
| fixed length control field | 01103cam a22002892 4500 |
| 001 - CONTROL NUMBER | |
| control field | 10243 |
| 003 - CONTROL NUMBER IDENTIFIER | |
| rucl marc code | BD-RjUL |
| 005 - DATE AND TIME OF LATEST TRANSACTION | |
| control field | 20211208234923.0 |
| 008 - FIXED-LENGTH DATA ELEMENTS--GENERAL INFORMATION | |
| fixed length control field | 140123t1955 n 001 0 eng u |
| 035 ## - SYSTEM CONTROL NUMBER | |
| System control number | (BD-RjUL)10291 |
| 040 ## - CATALOGING SOURCE | |
| Transcribing agency | VTU |
| Modifying agency | OCL |
| -- | EQO |
| -- | BD-RjUl |
| Original cataloging agency | BD-RjUL |
| Language of cataloging | eng |
| 041 ## - LANGUAGE CODE | |
| Language code of text/sound track or separate title | eng |
| 082 00 - DEWEY DECIMAL CLASSIFICATION NUMBER | |
| Classification number | 661.111 |
| Edition number | 16 |
| Author mark and year | PRO 1955 |
| 245 10 - TITLE STATEMENT | |
| Title | Production of heavy water / |
| Statement of responsibility, etc. | Part I by James O. Maloney, George F. Quinn, andHarold S. Ray. Part II by Maxwell L. Eidinoff [and others] Editors: George M. Murphy, Harold C. Urey [and]5Isidor Kirshenbaum. |
| 250 ## - EDITION STATEMENT | |
| Edition statement | 1st ed. |
| 260 ## - PUBLICATION, DISTRIBUTION, ETC. (IMPRINT) | |
| Place of publication, distribution, etc. | New York : |
| Name of publisher, distributor, etc. | McGraw-Hill, |
| Date of publication, distribution, etc. | 1955. |
| 300 ## - PHYSICAL DESCRIPTION | |
| Pagination | xvii, 394 p. : |
| Illustrations | illus. ; |
| Size | 24 cm. |
| 490 0# - SERIES STATEMENT | |
| Series statement | National nuclear energy series, Manhattan Project technical section. Division III []special Separations Project] v. 4F |
| 504 ## - BIBLIOGRAPHY, ETC. NOTE | |
| Bibliography, etc | Includes bibliographical reference and index, |
| 650 #0 - SUBJECT ADDED ENTRY--TOPICAL TERM | |
| Topical term or geographic name as entry element | Deuterium oxide. |
| 9 (RLIN) | 31650 |
| 700 1# - ADDED ENTRY--PERSONAL NAME | |
| Personal name | Murphy, George Moseley, |
| Personal name | Urey, Harold C. |
| Personal name | Kirshenbaum, Isidor. |
| 942 ## - ADDED ENTRY ELEMENTS (KOHA) | |
| Source of classification or shelving scheme | Dewey Decimal Classification |
| Koha item type | Books |
| Lost status | Source of classification or shelving scheme | Damaged status | Not for loan | Collection code | Permanent Location | Current Location | Shelving location | Date acquired | Source of acquisition | Cost, normal purchase price | Total Checkouts | Full call number | Date last seen | Copy number | Koha item type |
|---|---|---|---|---|---|---|---|---|---|---|---|---|---|---|---|
| Dewey Decimal Classification | Not For Loan | Non-fiction | Central Library, University of Rajshahi | Central Library, University of Rajshahi | Reading Room | 02/09/1959 | P.U Ltd. | 34.20 | 661.111 PRO 1955 | 23/01/2014 | C-1 | Books |